UM Logo

The New individualists : (Record no. 6658)

MARC details
000 -LEADER
fixed length control field 00779nam a2200205 4500
008 - FIXED-LENGTH DATA ELEMENTS--GENERAL INFORMATION
fixed length control field 170424b xxu||||| |||| 00| 0 eng d
020 ## - INTERNATIONAL STANDARD BOOK NUMBER
International Standard Book Number 0-06-016591-X
082 ## - DEWEY DECIMAL CLASSIFICATION NUMBER
Edition number 1991
Classification number DC 306.0973
Item number L53n
100 ## - MAIN ENTRY--PERSONAL NAME
9 (RLIN) 20159
Personal name Leinberger, Paul, 1947-
245 ## - TITLE STATEMENT
Title The New individualists :
Remainder of title the generation after The organization man /
Statement of responsibility, etc. Paul Leinberger, Bruce Tucker
250 ## - EDITION STATEMENT
Edition statement 1st ed
260 ## - PUBLICATION, DISTRIBUTION, ETC. (IMPRINT)
Place of publication, distribution, etc. New York, New York :
Name of publisher, distributor, etc. HarperCollins Publishers,
Date of publication, distribution, etc. c1991./
300 ## - PHYSICAL DESCRIPTION
Extent x, 454 pages ;
Dimensions 25 cm.
500 ## - GENERAL NOTE
General note Includes bibliographical references and index.
650 #0 - SUBJECT ADDED ENTRY--TOPICAL TERM
9 (RLIN) 20161
Topical term or geographic name as entry element United States -- Social conditions -- 1945-
650 #0 - SUBJECT ADDED ENTRY--TOPICAL TERM
9 (RLIN) 20162
Topical term or geographic name as entry element Organizational behavior -- United States
650 #0 - SUBJECT ADDED ENTRY--TOPICAL TERM
9 (RLIN) 20163
Topical term or geographic name as entry element Social ethics
700 ## - ADDED ENTRY--PERSONAL NAME
9 (RLIN) 20164
Personal name Tucker, Bruce, 1948-
942 ## - ADDED ENTRY ELEMENTS (KOHA)
Source of classification or shelving scheme Dewey Decimal Classification
Koha item type Circulation
Holdings
Withdrawn status Lost status Source of classification or shelving scheme Damaged status Not for loan Collection code Home library Current library Date acquired Source of acquisition Total Checkouts Full call number Barcode Date last seen Copy number Price effective from Koha item type
    Dewey Decimal Classification     Circulation UM Digos College - LIC UM Digos College - LIC 04/10/2008 PLMP   DC 306.0973 L53n 1991 19439 05/15/2025 1 04/24/2017 Circulation